00597nam a2200193 a 45000010005000000030009000050080041000140400028000550820017000831000027001002450111001272600038002383000015002764900028002916500029003196500029003486500013003776500013003906409CO-ViMGA141112s2004 ck r 000 u spa d aCO-ViMGAbspacCO-ViMGA04a635.643 Z1611 aZapata Nicolas, Manuel10aEl pimiento para pimentón / cZapata Nicolas Manuel , Cabrera Ferrandez Pedro , Bañon Arias Sebastian  aMadrid : bMundi - Prensa, c1992 a235 p : il aAgroguías mundiprensa14aBañon Arias, Sebastian14aCabrora Ferrandez, Pedro14aPIMENTON14aPIMIENTO